| 000 | 00724cam4a220024100 4500 | ||
|---|---|---|---|
| 001 | zam00003136 | ||
| 008 | 951128s1977 xx eng u | ||
| 035 | _a(Sirsi) r20471 | ||
| 035 | _a(MACHINE)VSLC. | ||
| 100 |
_aPelczar, M. J. _6A81850.1 |
||
| 245 | 1 | 0 | _aLaboratory exercise in microbilogy 4th ed. |
| 260 | _c1977. | ||
| 949 |
_aQR63 _wLC _i33729001444186 _mVETMED _p2500 _tBOOK _lON-SHELF |
||
| 949 |
_aQR63 _wLC _i-19173 _mVETMED _tBOOK _lON-SHELF |
||
| 004 | 20471 | ||
| 591 | _aClass code: VMP 430. | ||
| 591 | _aCourse: Veterinary microbiology. | ||
| 591 | _aSchool: S10. | ||
| 591 | _aLecturer: Dr. KUMAR, A. | ||
| 591 | _aNumber of Students: 0. | ||
| 900 |
_2VET _8QR63 _9PEL _c2 |
||
| 909 | _aBook | ||
| 999 |
_c3517 _d3517 |
||